Catalog

Record Details

Catalog Search



The secret of NIMH / Mrs. Frisby, Ltd. ; Aurora ; ... Read More

Bluth, Don.(Added Author). Baddeley, Hermione, 1908-1986(Added Author). ... Read More

Available copies

  • 2 of 2 copies available at LARL/NWRL Consortium.

Current holds

0 current holds with 2 total copies.

Show Only Available Copies
Location Call Number / Copy Notes Barcode Shelving Location Status Due Date
Godel Memorial-Warren Library DVD j SEC (Text) 35500005628969 Main Available -
Thief River Falls Public Library DVD j SEC (Text) 35500004333165 Main Available -

Record details

  • ISBN: 0792839293
  • ISBN: 9780792839293
  • Physical Description: 1 videodisc (83 min.) : sd., col. ; 4 3/4 in.
  • Publisher: Santa Monica, CA : MGM/UA Home Video, c2003.

Content descriptions

General Note:
Animated.
Based on: Mrs. Frisby and the rats of NIMH / Robert C. O'Brien.
Originally released as a motion picture in 1982.
Features: 8-page booklet featuring a step-by-step, child's eye view of the animation process; ... Read More
Creation/Production Credits Note:
Directing animators, John Pomeroy, Gary Goldman; ... Read More
Participant or Performer Note:
Features the voices of Hermione Baddeley, John ... Read More
Summary, etc.:
Mrs. Frisby, a mother mouse, saves her house from ... Read More
Target Audience Note:
MPAA rating: G.
System Details Note:
DVD Dolby digital stereo.
Terms Governing Use and Reproduction Note:
For private home use only.
Language Note:
In English with French subtitles.
Closed captioned.
Subject: O'Brien, Robert C. > Film adaptations.
Mice > Drama.
Animal experimentation > Drama.
Genre: Animated films.
Children's films.
Film adaptations.
Video recordings for the hearing impaired.
Feature films.
DVDs.
LDR 02885cgm a2200637Ia 4500
00178107
003LARL_NWRL_CONSORTIUM
00520180503192502.0
007vd cvaizq
008060628p20031982cau083 g vaeng d
020 . ‡a0792839293
020 . ‡a9780792839293
0241 . ‡a027616703729
02842. ‡a907037 ‡bMGM/UA Home Entertainment
035 . ‡a(OCoLC)54389401 ‡z(OCoLC)70203121
040 . ‡aMVQ ‡cMVQ ‡dMVQ ‡dOCLCQ ‡dNRG
0410 . ‡aeng ‡beng ‡bfre
08204. ‡a791.43/3 ‡221
24504. ‡aThe secret of NIMH / ‡cMrs. Frisby, Ltd. ; Aurora ; produced by Don Bluth, Gary Goldman, and James L. Stewart ; directed by Don Bluth ; written by Don Bluth ... [et al.].
260 . ‡aSanta Monica, CA : ‡bMGM/UA Home Video, ‡cc2003.
300 . ‡a1 videodisc (83 min.) : ‡bsd., col. ; ‡c4 3/4 in.
500 . ‡aAnimated.
500 . ‡aBased on: Mrs. Frisby and the rats of NIMH / Robert C. O'Brien.
500 . ‡aOriginally released as a motion picture in 1982.
500 . ‡aFeatures: 8-page booklet featuring a step-by-step, child's eye view of the animation process; original theatrical trailer; scene selections.
508 . ‡aDirecting animators, John Pomeroy, Gary Goldman; music by Jerry Goldsmith.
5110 . ‡aFeatures the voices of Hermione Baddeley, John Carradine, Dom DeLuise, Elizabeth Hartman, Derek Jacobi.
520 . ‡aMrs. Frisby, a mother mouse, saves her house from the farmer's plow with the help of a crow, an owl and some highly intelligent rats.
5218 . ‡aMPAA rating: G.
538 . ‡aDVD Dolby digital stereo.
540 . ‡aFor private home use only.
546 . ‡aIn English with French subtitles.
546 . ‡aClosed captioned.
60010. ‡aO'Brien, Robert C. ‡vFilm adaptations.
650 0. ‡aMice ‡vDrama.
650 0. ‡aAnimal experimentation ‡vDrama.
655 0. ‡aAnimated films. ‡0(LARL_NWRL_CONSORTIUM)175704
655 0. ‡aChildren's films. ‡0(LARL_NWRL_CONSORTIUM)175624
655 0. ‡aFilm adaptations. ‡0(LARL_NWRL_CONSORTIUM)175712
655 0. ‡aVideo recordings for the hearing impaired. ‡0(LARL_NWRL_CONSORTIUM)175744
655 0. ‡aFeature films. ‡0(LARL_NWRL_CONSORTIUM)175625
655 0. ‡aDVDs.
7001 . ‡aBluth, Don. ‡0(LARL_NWRL_CONSORTIUM)115256
7001 . ‡aBaddeley, Hermione, ‡d1908-1986. ‡0(LARL_NWRL_CONSORTIUM)81437
7001 . ‡aCarradine, John. ‡0(LARL_NWRL_CONSORTIUM)71249
7001 . ‡aDeLuise, Dom. ‡0(LARL_NWRL_CONSORTIUM)61448
7001 . ‡aO'Brien, Robert C. ‡tMrs. Frisby and the rats of NIMH.
7102 . ‡aMrs. Frisby Ltd.
7102 . ‡aAurora Productions. ‡0(LARL_NWRL_CONSORTIUM)181082
7102 . ‡aMGM/UA Home Entertainment Inc. ‡0(LARL_NWRL_CONSORTIUM)141509
901 . ‡a78107 ‡bOCLC ‡c78107 ‡tbiblio

Additional Resources